Normal view
MARC view
- الإردن، ديوان المظالم
Entry Personal Name
001 - CONTROL NUMBER
- control field: 53203
003 - CONTROL NUMBER IDENTIFIER
- control field: JO-AjAnu
005 - DATE AND TIME OF LATEST TRANSACTION
- control field: 20230606082735.0
008 - FIXED-LENGTH DATA ELEMENTS
- fixed length control field: 230606|| aca||aabn | a|a d
040 ## - CATALOGING SOURCE
- Original cataloging agency: JO-AjAnu
- Transcribing agency: JO-AjAnu
100 ## - HEADING--PERSONAL NAME
- Personal name: الإردن، ديوان المظالم
670 ## - SOURCE DATA FOUND
- Source citation: Work cat.: (JO-AjAnu)27182: الإردن، ديوان المظالم, author, ديوان المظالم لكل ذي حق: التقرير السنوي لعام 2015